000
00265nmm a2200097Ia 4500
008
220120s9999||||xx |||||||||||||||||und||
020
_a
0-07-048653-0
100
_a
Digit
245
0
_a
June 2011: Power tools, 25 full games, game trailers, tech t
260
_b
New Delhi
999
_c
139680
_d
139680